The yellow house mystery (Record no. 1404)
[ view plain ]
| 000 -LEADER | |
|---|---|
| fixed length control field | 01134cam a22002771 4500 |
| 005 - DATE AND TIME OF LATEST TRANSACTION | |
| control field | 20240131154908.0 |
| 020 ## - INTERNATIONAL STANDARD BOOK NUMBER | |
| International Standard Book Number | 9780807593660 |
| 040 ## - CATALOGING SOURCE | |
| Original cataloging agency | DLC |
| Transcribing agency | DLC |
| Modifying agency | DLC |
| -- | OCoLC |
| -- | DLC |
| Language of cataloging | eng |
| 050 00 - LIBRARY OF CONGRESS CALL NUMBER | |
| Classification number | PZ7.W244 |
| Item number | Ye |
| 100 ## - MAIN ENTRY--PERSONAL NAME | |
| Personal name | Warner, Gertrude Chandler |
| Dates associated with a name | 1890-1979. |
| 245 #4 - TITLE STATEMENT | |
| Title | The yellow house mystery |
| Statement of responsibility, etc. | Warner, Gertrude Chandler |
| 260 ## - PUBLICATION, DISTRIBUTION, ETC. | |
| Name of publisher, distributor, etc. | Albert Whitman & Company : |
| Date of publication, distribution, etc. | 1953 |
| Place of publication, distribution, etc. | Morton Grove , |
| 300 ## - PHYSICAL DESCRIPTION | |
| Extent | 191 pages : |
| Other physical details | illustrations ; |
| Dimensions | 20 cm |
| 490 ## - SERIES STATEMENT | |
| Series statement | The boxcar children |
| Volume/sequential designation | Book 3 |
| 505 ## - FORMATTED CONTENTS NOTE | |
| Formatted contents note | O <br/> |
| 520 ## - SUMMARY, ETC. | |
| Summary, etc. | Relates the exploits of the four Alden children as they locate a missing man. The Boxcar children are determined to solve the mystery that surrounds an old yellow house on their grandfather's property. Strange things have happened in that house where long ago a man disappeared. |
| 521 ## - TARGET AUDIENCE NOTE | |
| Target audience note | 620 <br/> |
| Source | Lexile <br/> |
| 521 ## - TARGET AUDIENCE NOTE | |
| Target audience note | O <br/> |
| Source | Raz-Plus <br/> |
| 650 #0 - SUBJECT ADDED ENTRY--TOPICAL TERM | |
| Form subdivision | Juvenile fiction. |
| 650 #0 - SUBJECT ADDED ENTRY--TOPICAL TERM | |
| Topical term or geographic name entry element | Orphans |
| Form subdivision | Juvenile fiction. |
| 650 #0 - SUBJECT ADDED ENTRY--TOPICAL TERM | |
| Topical term or geographic name entry element | Families |
| Form subdivision | Juvenile fiction. |
| 655 #7 - INDEX TERM--GENRE/FORM | |
| Genre/form data or focus term | Detective and mystery stories. |
| Source of term | gsafd |
| 906 ## - LOCAL DATA ELEMENT F, LDF (RLIN) | |
| a | 7 |
| b | cbc |
| c | orignew |
| d | u |
| e | ocip |
| f | 19 |
| g | y-gencatlg |
| 942 ## - ADDED ENTRY ELEMENTS (KOHA) | |
| Source of classification or shelving scheme | Dewey Decimal Classification |
| Koha item type | Books |
| Suppress in OPAC | No |
| 999 ## - | |
| -- | 1404 |
| -- | 1404 |
| Withdrawn status | Lost status | Source of classification or shelving scheme | Damaged status | Not for loan | Collection | Home library | Current library | Shelving location | Date acquired | Total Checkouts | Full call number | Barcode | Date last seen | Date last checked out | Price effective from | Koha item type |
|---|---|---|---|---|---|---|---|---|---|---|---|---|---|---|---|---|
| Dewey Decimal Classification | Juvenile Fiction | Footprints International School Library Network Toul Kork Campus | Footprints International School Library Network Toul Kork Campus | 08/23/2023 | 1 | WAR Fic PZ7.W244 | FIS02355 | 01/30/2024 | 01/16/2024 | 08/23/2023 | Books |
